LDR 01065naa#a2200181#i#450# 001 RU\\bibl\20193 005 20260701141322.3 100 ## _a20260630b2026####ek#y0rusy0150####ca 102 ## _aRU 200 1# _aИСКУССТВЕННЫЙ ИНТЕЛЛЕКТ И ЕГО ВЛИЯНИЕ НА ЭКОЛОГИЮ: ВОЗМОЖНОСТИ, РИСКИ И ПЕРСПЕКТИВЫ УСТОЙЧИВОГО РАЗВИТИЯ _eСтатья/тезисы конференции 210 1# _aВоронеж _cВоронежский государственный лесотехнический университет имени Г.Ф. Морозова _d2026 215 ## _a6 с. 608 ## _aСтатья/тезисы конференции _2local 675 ## _aИскусственный интеллект. 004.8 _aПрирода и общество. Охрана природы (защита окружающей природной среды) в целом. 502.3 _z 700 #1 _aКочегаров _gА. В. 700 #1 _aЗвягина _gЛ. Н. 700 #1 _aСемёнов _gП. О. 856 4# _abibl.vgltu.ru _u